Estrategias para el enriquecimiento mutuo entre sujetos escolares en situaciones de contacto lingüístico-cultural /
Zapisane w:
| 1. autor: | |
|---|---|
| Format: | Texto |
| Hasła przedmiotowe: | |
| Etykiety: |
Dodaj etykietę
Nie ma etykietki, Dołącz pierwszą etykiete!
|
MARC
| LEADER | 00000 a a2200000 04500 | ||
|---|---|---|---|
| 001 | 16053 | ||
| 003 | |||
| 040 | |||
| 100 | |a Armatto, Zulema Inés | ||
| 245 | |a Estrategias para el enriquecimiento mutuo entre sujetos escolares en situaciones de contacto lingüístico-cultural / |c Zulema Inés Armatto | ||
| 650 | |a PLURALISMO CULTURAL | ||
| 650 | |a EDUCACION | ||
| 650 | |a METODOLOGIA | ||
| 773 | |g volumen 14; páginas 151-160 | ||
| 999 | |c 27824 |d 27824 | ||
